000 00880nam a22002897a 4500
001 BR8900257
003 BR-BrBNA
005 20230928093128.0
007 ta
008 230509b bl.||||| |||| 00| 0 por d
040 _aBR-BrBNA
_bpor
_cBiblioteca Nacional de Agricultura
041 _a(Por)
072 _aF30
_b1821
090 _ 1821 BR8900257
100 1 _aPaterniani, M.E.A.G.Z.
110 1 _aEscola Superior de Agricultura Luiz de Queiroz, Piracicaba, SP (Brasil)
_0Tese (Mestre em Agronomia)
245 1 _aHibridacao interespecifica no genero Cucumis L.
246 1 _aInterespecific hybridization in Cucumis L.
260 3 _aPiracicaba, SP (Brasil):
_c1988.
300 _a91 p.
500 _a24 tables; 43 ref.; Summaries (Eng, Por)
650 _aPEPINO
650 _aMAXIXE
650 _aHIBRIDACAO
909 _a202309
_bLucia
_c55
_dLucia Elande
942 _cBK
999 _c43166
_d43166